Riadenie vzťahov so zákazníkmi odporúčania, praktické postupy, príklady, prehľadné schémy a tabuľky

Gespeichert in:
Bibliographische Detailangaben
1. Verfasser: Oreský, Milan, 1956-
Format: Buch
Sprache:Slowakisch
Veröffentlicht: Bratislava Verlag Dashöfer 2006
Schlagworte:
Tags: Tag hinzufügen
Keine Tags, Fügen Sie das erste Tag hinzu!

MARC

LEADER 00000nlm$a2200000$$$4500
001 0053946
005 20240502071626.2
041 0 |a slo 
044 |a SK 
245 1 0 |a Riadenie vzťahov so zákazníkmi  |b odporúčania, praktické postupy, príklady, prehľadné schémy a tabuľky  |c Milan Oreský 
264 1 |a Bratislava  |b Verlag Dashöfer  |c 2006 
300 |a CD-ROM 
610 2 0 |a riadenie vzťahov so zákazníkmi 
610 2 0 |a podnikanie 
610 2 0 |a zákazníci 
100 1 |a Oreský, Milan, 1956-